000 03686nam a22003137i 4500
001 TCPA 76
003 gtcocun
005 20250902215518.0
006 a||||gr|||| 00| 0
008 250902b2019 gt ||||| m||| 00| 0 eng d
040 _agtcocun
_bSPA
_cgtcocun
_eRDA
041 _aSPA
084 _0TCPA 76
100 _aChen Cú, Julio César
_eAutor
245 _aInforme final del Ejercicio Profesional Supervisado, realizado en el Centro Universitario del Norte, Cobán, Alta Verapaz/
_cJulio César Chen Cú
_hImpreso
264 _aCobán, Alta Verapaz:
_bUniversidad de San Carlos de Guatemala, Centro Universitario del Norte, Licenciatura en Contaduría Pública y Auditoría.
_c2019
300 _a79 p.:
_bIlustraciones, gráficas.
_c28 cm; PDF
336 _2rdacontenido
_aTexto
_btxt
337 _2rdamedio
_aComputadora
_bn
338 _2rdasoporte
_aCódigo en línea
_bcr
502 _e.
502 _aTesis de grado
_bLicenciatura en Contaduría Pública y Auditoría.
_cUniversidad de San Carlos de Guatemala, Centro Universitario del Norte, Licenciatura en Contaduría Pública y Auditoría.
_d2019
_oTCPA 76
520 1 4 _aEn la carrera de Contaduría Pública y Auditoría del Centro Universitario del Norte –CUNOR- de la Universidad de San Carlos de Guatemala se adquieren conocimientos, herramientas y técnicas para utilizar en el campo de las ciencias económicas, mismas que permite preparar al estudiante como profesional y este se desarrolle en el ambiente contable. El Centro Universitario del Norte es una unidad académica de la Universidad de San Carlos de Guatemala que cumple con el objetivo de ofrecer a la población los servicios de educación superior en el área de las verapaces. En la primera etapa del Ejercicio Profesional Supervisado se identificaron los problemas: a) inconsistencia en los registros de los bienes animales entre la tesorería y el departamento de contabilidad, b) bienes de inventario en desuso y obsoletos en diferentes áreas sin trámite de baja en cada ejercicio contable, c) se desconocen los costos y la rentabilidad de los productos que se comercializan en la granja agrícola, d) se desconoce el impacto presupuestal en relación al crecimiento anual de la población estudiantil que impide atender las necesidades de funcionamiento y los servicios personales de las diferentes carreras. Posteriormente se elaboró un plan de trabajo que contenía las diferentes actividades específicas para darle solución a los problemas identificados: a) realizar una auditoria especial al rubro de inventarios de bienes muebles del Centro Universitario del Norte, b) análisis financiero del presupuesto asignado al CUNOR, c) conciliar el saldo contable principal de los bienes animales con los libros auxiliares que se tiene en la tesorería, d) elaborar costo de producción para determinar la rentabilidad de la producción de la granja agrícola y diseñar el reglamento para su funcionamiento, e) realizar la gestión administrativa para la incorporación del cobro de los servicios estudiantiles. Al terminar la ejecución se presentan los resultados orientados a solucionar las diferentes situaciones que se presentan en el Centro Universitario del Norte y que las autoridades administrativas tomen decisiones oportunas.
650 _2LEMB
_aCobán, Alta Verapaz
_xanalisis financiero
_xauditoria
_xinventarios
_xconciliación
700 _aLic. Carlos Abraham Sierra Alvarado
_eAsesor
856 _uhttps://drive.google.com/file/d/1S6uDAs-7zaAW-0pYK6o2fT9f4IWwSvGN/view?usp=sharing
_yPDF
_zUn ejemplar en línea.
942 _2ddc
_cTES
_iTCPA_76
_kClasificación
_n0
_6TCPA__76
999 _c1626
_d1626